[Event "C.to Regionale Lombardia Seniores"]
[Site "Robecchetto con Induno ITA"]
[Date "2011.12.27"]
[Round "1"]
[White "Brioschi, Camillo"]
[Black "Marchesotti, Giovanni"]
[WhiteElo "1816"]
[BlackElo "1597"]
[Result "1/2-1/2"]
[PlyCount "43"]
[EventDate "2011.12.27"]

1. d4 Nf6 2. c4 e6 3. Nc3 Bb4 4. e3 b6 5. Nge2 Bb7 6. Ng3 Nc6 7. f3 d5 8. Bd3
O-O 9. O-O Ne7 10. a3 Bd6 11. cxd5 Bxg3 12. hxg3 Nexd5 13. e4 Nxc3 14. bxc3 h6
15. g4 Rc8 16. g5 Nh5 17. f4 Ng3 18. Rf3 Nxe4 19. gxh6 Nxc3 20. Rg3 Nxd1 21.
Rxg7+ Kh8 22. Rh7+ 1/2-1/2

[Event "C.to Regionale Lombardia Seniores"]
[Site "Robecchetto con Induno ITA"]
[Date "2011.12.27"]
[Round "1"]
[White "Ferri, Antonio"]
[Black "Tamassia, Gabriele"]
[WhiteElo "1449"]
[BlackElo "1733"]
[Result "1/2-1/2"]
[PlyCount "68"]
[EventDate "2011.12.27"]

1. d4 Nf6 2. c4 d6 3. Nc3 g6 4. Bg5 Bg7 5. Nf3 Nbd7 6. e3 O-O 7. Be2 c6 8. O-O
Qc7 9. Rb1 a5 10. Qc2 e5 11. h3 Re8 12. e4 Nf8 13. Bxf6 Bxf6 14. d5 Bg7 15. b4
f5 16. Bd3 f4 17. b5 Bd7 18. bxc6 bxc6 19. dxc6 Bxc6 20. Nd5 Bxd5 21. cxd5 Qxc2
22. Bxc2 Rec8 23. Rfc1 Rc5 24. Ba4 Rac8 25. Bc6 Rxc1+ 26. Rxc1 Nd7 27. Nd2 Nc5
28. f3 Rb8 29. Nc4 Bf8 30. Nxa5 Rb2 31. a4 Rb4 32. Rc4 Rb1+ 33. Kh2 Rb6 34. Bb5
h5 1/2-1/2

[Event "C.to Regionale Lombardia Seniores"]
[Site "Robecchetto con Induno ITA"]
[Date "2011.12.27"]
[Round "1"]
[White "Macchiettini, Pierangelo"]
[Black "Di Chiara, Emanuele"]
[WhiteElo "1756"]
[BlackElo "1584"]
[Result "1-0"]
[PlyCount "96"]
[EventDate "2011.12.27"]

1. d4 d6 2. c4 Nf6 3. Nf3 g6 4. Nc3 Bg7 5. e4 O-O 6. Be2 c6 7. h3 Nbd7 8. O-O
a6 9. a3 b5 10. Be3 Bb7 11. Qc2 Qc7 12. Rac1 Rfc8 13. Rfd1 e5 14. Qd3 bxc4 15.
Qxc4 Nb6 16. Qb3 Rcb8 17. dxe5 Nfd7 18. exd6 Qd8 19. e5 Bc8 20. e6 Nd5 21.
exf7+ Kh8 22. Qc2 Nxe3 23. fxe3 Qb6 24. Nd4 Ne5 25. Na4 Qb7 26. Bc4 Nxf7 27.
Nc5 Qa7 28. Bxf7 Qxf7 29. b4 Bd7 30. Nxd7 Qxd7 31. Qxc6 Rd8 32. Qxd7 Rxd7 33.
Ne6 Be5 34. Rc7 Rxd6 35. Rxd6 Bxd6 36. Rc6 Be5 37. Nd4 Kg7 38. Kf2 Kf7 39. Ke2
h5 40. Kf3 h4 41. Kg4 Bf6 42. Kf4 Ra7 43. Rc8 Rd7 44. Rc6 Ra7 45. Nc2 Bd8 46.
e4 Rc7 47. Nd4 Ra7 48. e5 Bc7 1-0

[Event "C.to Regionale Lombardia Seniores"]
[Site "Robecchetto con Induno ITA"]
[Date "2011.12.27"]
[Round "1"]
[White "Pagnoncelli, Gianpietro"]
[Black "Maffeo, Mauro"]
[WhiteElo "1523"]
[BlackElo "1735"]
[Result "0-1"]
[PlyCount "84"]
[EventDate "2011.12.27"]

1. e4 e6 2. d4 d5 3. exd5 exd5 4. Nf3 Be7 5. Nc3 c6 6. Be2 Nf6 7. h3 O-O 8. O-O
Bf5 9. Bf4 Nbd7 10. Bd3 Ne4 11. Ne2 Ndf6 12. Ne5 Bg6 13. Nxg6 fxg6 14. Ng3 Qb6
15. Nxe4 Nxe4 16. Be5 Nf6 17. Rb1 Rae8 18. c3 Nd7 19. Bg3 c5 20. dxc5 Bxc5 21.
Bc2 Qc6 22. Bb3 Nf6 23. Qd2 Kh8 24. Rbe1 Ne4 25. Qd3 Nxg3 26. Rxe8 Qxe8 27.
Qxg3 Qe6 28. Qd3 Qf6 29. Qd2 d4 30. cxd4 Bxd4 31. Bd5 b6 32. b3 Qe5 33. Bf3 Bc5
34. Re1 Qf6 35. Rd1 a5 36. Kf1 h6 37. Re1 Bb4 38. Qe2 Bxe1 39. Qxe1 Qf4 40. Kg1
Rc8 41. a4 Rc1 42. Bd1 Qd4 0-1

[Event "C.to Regionale Lombardia Seniores"]
[Site "Robecchetto con Induno ITA"]
[Date "2011.12.27"]
[Round "1"]
[White "Puricelli, Giancarlo"]
[Black "Cillo, Angelo"]
[WhiteElo "1586"]
[BlackElo "1790"]
[Result "0-1"]
[PlyCount "98"]
[EventDate "2011.12.27"]

1. d4 d5 2. Nf3 Nf6 3. e3 c5 4. c3 Qc7 5. Nbd2 Nc6 6. Bd3 e5 7. Bb5 cxd4 8.
cxd4 exd4 9. Nxd4 Bd6 10. Qc2 Bd7 11. Nf5 Bxf5 12. Qxf5 O-O 13. Qc2 Rfe8 14.
O-O Bxh2+ 15. Kh1 Re5 16. Be2 Rae8 17. Re1 Qd6 18. Nf1 Nb4 19. Qd1 Ne4 20. Qa4
Nxf2+ 21. Kxh2 Rxe3+ 22. Kg1 Rxe2 23. Bd2 Nh3+ 24. Kh1 Nf2+ 25. Kg1 Nc6 26. Qh4
Rxe1 27. Bxe1 Ne4 28. Rd1 Qc5+ 29. Kh1 Re6 30. Qg4 Rh6+ 31. Nh2 Qd6 32. g3 Qe6
33. Qf3 Qh3 34. Qg2 Qxg2+ 35. Kxg2 d4 36. Nf3 Rd6 37. b4 b5 38. Rc1 f5 39. Nd2
Kf7 40. Kf3 Ne5+ 41. Kg2 Nd3 42. Rc7+ Kf6 43. Kf1 Nxe1 44. Nxe4+ fxe4 45. Kxe1
Ra6 46. Rc2 Ra3 47. Kf2 Rc3 48. Re2 Ke5 49. Rb2 g5 0-1

[Event "C.to Regionale Lombardia Seniores"]
[Site "Robecchetto con Induno ITA"]
[Date "2011.12.27"]
[Round "1"]
[White "Recanatini, Italo"]
[Black "Mason, Giovanni"]
[WhiteElo "1918"]
[BlackElo "1711"]
[Result "1-0"]
[PlyCount "141"]
[EventDate "2011.12.27"]

1. e4 c5 2. Nf3 Nc6 3. c3 e6 4. d4 cxd4 5. cxd4 d5 6. exd5 exd5 7. Bb5 a6 8.
Bxc6+ bxc6 9. O-O Be6 10. Qa4 Qb6 11. Nc3 Be7 12. Bg5 Nf6 13. Ne5 Rc8 14. Rab1
O-O 15. Rfd1 h6 16. Bh4 g5 17. Bg3 Nh5 18. Qc2 Nxg3 19. hxg3 Bf6 20. Qe2 Qc7
21. Ng4 Bxg4 22. Qxg4 Bg7 23. Qf5 Rce8 24. Qd3 Qc8 25. Rbc1 Re7 26. Nxd5 Re6
27. Nb6 Qb7 28. Na4 Rd6 29. Nc5 Qxb2 30. Rc2 Qxd4 31. Qxd4 Bxd4 32. Ne4 Rd5 33.
Rxc6 f5 34. Rd6 fxe4 35. Rxd4 Rxd4 36. Rxd4 Re8 37. Rd6 Kg7 38. Kf1 Rc8 39.
Rxa6 Rc3 40. Ke2 g4 41. Kd2 Rc4 42. Ke3 h5 43. a4 Rb4 44. Kf4 Rc4 45. a5 Rd4
46. Ra8 Ra4 47. Kg5 Ra2 48. Kxh5 Rxf2 49. Re8 Rf5+ 50. Kxg4 Rxa5 51. Rxe4 Kg6
52. Kh4 Kf5 53. Rf4+ Kg6 54. g4 Ra2 55. Kg3 Ra5 56. Re4 Kg5 57. Kf3 Rb5 58. Kg3
Ra5 59. Kh3 Rb5 60. Re3 Ra5 61. Rf3 Rc5 62. Rf5+ Rxf5 63. gxf5 Kxf5 64. Kh4 Kg6
65. Kg4 Kf6 66. Kh5 Kg7 67. Kg5 Kf7 68. Kh6 Kg8 69. Kg6 Kh8 70. g4 Kg8 71. g5
1-0

[Event "C.to Regionale Lombardia Seniores"]
[Site "Robecchetto con Induno ITA"]
[Date "2011.12.27"]
[Round "1"]
[White "Sala, Gianni"]
[Black "Ossoli, Giuseppe"]
[WhiteElo "1735"]
[BlackElo "1452"]
[Result "1-0"]
[PlyCount "67"]
[EventDate "2011.12.27"]

1. e4 e6 2. d4 d5 3. Nd2 Nf6 4. e5 Nfd7 5. Ngf3 c5 6. c3 Nc6 7. Bd3 cxd4 8.
cxd4 Qb6 9. Nb3 Be7 10. Be3 f6 11. O-O Qd8 12. exf6 Nxf6 13. Rc1 Bd7 14. h3 a6
15. Nc5 Bxc5 16. Rxc5 Qb6 17. Qc1 O-O 18. Bb1 Rac8 19. Qd2 Rf7 20. Rfc1 h6 21.
Ne5 Nxe5 22. Rxc8+ Ne8 23. dxe5 Qb5 24. R8c5 Qb6 25. Rxd5 Qd8 26. Rd4 Nc7 27.
Rg4 Kh8 28. Qd3 g5 29. Qg6 Qf8 30. Rxc7 Qg7 31. Qxg7+ Rxg7 32. Rd4 Bc6 33. Rd8+
Rg8 34. Rh7# 1-0

[Event "C.to Regionale Lombardia Seniores"]
[Site "Robecchetto con Induno ITA"]
[Date "2011.12.27"]
[Round "1"]
[White "Torretta, Gilberto"]
[Black "Buzio, Alberto"]
[WhiteElo "1668"]
[BlackElo "1855"]
[Result "0-1"]
[PlyCount "58"]
[EventDate "2011.12.27"]

1. e4 c5 2. Nc3 Nc6 3. Nge2 Nf6 4. g3 e6 5. Bg2 d5 6. exd5 exd5 7. O-O d4 8.
Ne4 Bf5 9. Nxf6+ Qxf6 10. d3 Bd6 11. Nf4 O-O 12. Nd5 Qd8 13. Qf3 Be6 14. Nf4
Bxf4 15. Bxf4 Qd7 16. Qh5 b6 17. Rae1 Rac8 18. Be4 g6 19. Qh6 Bd5 20. Bg5 f6
21. Bd2 Ne5 22. f4 Ng4 23. Qh4 f5 24. Bxd5+ Qxd5 25. h3 Ne3 26. Bxe3 dxe3 27.
Rxe3 Rce8 28. Rfe1 Rxe3 29. Rxe3 Qd4 0-1

[Event "C.to Regionale Lombardia Seniores"]
[Site "Robecchetto con Induno ITA"]
[Date "2011.12.27"]
[Round "2"]
[White "Buzio, Alberto"]
[Black "Macchiettini, Pierangelo"]
[WhiteElo "1855"]
[BlackElo "1756"]
[Result "1-0"]
[PlyCount "69"]
[EventDate "2011.12.27"]

1. e4 c5 2. Nf3 d6 3. d4 cxd4 4. Nxd4 Nf6 5. Nc3 a6 6. Bg5 e6 7. f4 Be7 8. Qf3
Qc7 9. O-O-O O-O 10. Bd3 Nbd7 11. Rhe1 Nc5 12. Qg3 Nh5 13. Qg4 g6 14. Qf3 Bxg5
15. fxg5 Qd8 16. Qe3 e5 17. Nde2 Be6 18. h3 Rc8 19. g4 Ng7 20. Nd5 Bxd5 21.
exd5 Qa5 22. Kb1 Qb6 23. Nc3 Qc7 24. h4 b5 25. h5 b4 26. Ne4 Nxe4 27. Qxe4 a5
28. Rf1 Qe7 29. Rf6 Ne8 30. Rdf1 Nxf6 31. gxf6 Qd7 32. Qe3 Kh8 33. Qh6 Rg8 34.
Rh1 Qxg4 35. Qxh7+ 1-0

[Event "C.to Regionale Lombardia Seniores"]
[Site "Robecchetto con Induno ITA"]
[Date "2011.12.27"]
[Round "2"]
[White "Cillo, Angelo"]
[Black "Sala, Gianni"]
[WhiteElo "1790"]
[BlackElo "1735"]
[Result "0-1"]
[PlyCount "56"]
[EventDate "2011.12.27"]

1. d4 Nf6 2. Nf3 e6 3. Nbd2 c5 4. e3 Nc6 5. c3 cxd4 6. exd4 d6 7. Bd3 Be7 8.
O-O O-O 9. Re1 Qc7 10. Qc2 Re8 11. Ng5 g6 12. Nc4 b5 13. Ne3 Bd7 14. Bd2 Rac8
15. a4 a6 16. axb5 axb5 17. Ra2 Ra8 18. Rea1 Rxa2 19. Rxa2 Qb6 20. Qb3 Rb8 21.
d5 exd5 22. Nxd5 Nxd5 23. Be3 Qd8 24. Qxd5 Ne5 25. Nxf7 Nxf7 26. Ra7 Qe8 27.
Bf4 Bc6 28. Rxe7 Bxd5 0-1

[Event "C.to Regionale Lombardia Seniores"]
[Site "Robecchetto con Induno ITA"]
[Date "2011.12.27"]
[Round "2"]
[White "Di Chiara, Emanuele"]
[Black "Torretta, Gilberto"]
[WhiteElo "1584"]
[BlackElo "1668"]
[Result "0-1"]
[PlyCount "70"]
[EventDate "2011.12.27"]

1. Nf3 g6 2. d4 Bg7 3. c4 c5 4. e3 Nf6 5. Bd3 cxd4 6. exd4 O-O 7. O-O d6 8. h3
Bd7 9. Nc3 Nc6 10. a3 a6 11. Re1 e6 12. Bg5 Qb6 13. Na4 Qa7 14. Be3 d5 15. c5
Ne7 16. Nb6 Rab8 17. Bg5 Bc6 18. Ne5 Rfd8 19. Ng4 Nxg4 20. Bxe7 Re8 21. Bd6
Nxf2 22. Kxf2 Rbd8 23. Be5 f6 24. Bg3 e5 25. dxe5 fxe5 26. Kg1 Rf8 27. Bxe5
Bxe5 28. Rxe5 Qb8 29. Rg5 Qf4 30. Qg4 Qe3+ 31. Kh2 Qxd3 32. Rd1 Qe4 33. Rd4 Qe1
34. h4 Rf1 35. g3 Rf2+ 0-1

[Event "C.to Regionale Lombardia Seniores"]
[Site "Robecchetto con Induno ITA"]
[Date "2011.12.27"]
[Round "2"]
[White "Madaschi, Sergio"]
[Black "Pagnoncelli, Gianpietro"]
[WhiteElo "1612"]
[BlackElo "1523"]
[Result "0-1"]
[PlyCount "60"]
[EventDate "2011.12.27"]

1. e4 e5 2. Nf3 Nc6 3. Bb5 d6 4. d4 Bd7 5. Nc3 Nf6 6. O-O Be7 7. dxe5 Nxe5 8.
Bxd7+ Nfxd7 9. Nxe5 Nxe5 10. Nd5 O-O 11. Nxe7+ Qxe7 12. Qe2 Rfe8 13. Re1 a6 14.
Bd2 Rac8 15. f4 Ng6 16. Qg4 Qf6 17. Rab1 Qd4+ 18. Be3 Qxe4 19. Re2 Nxf4 20.
Ree1 Ng6 21. Qh3 Qe6 22. Qf3 Qe4 23. Qf2 Ne5 24. Bd4 Qd5 25. c3 Re6 26. Rbd1
Qb5 27. Qf5 Rce8 28. Rf1 Rf6 29. Qg5 Rxf1+ 30. Rxf1 Nf3+ 0-1

[Event "C.to Regionale Lombardia Seniores"]
[Site "Robecchetto con Induno ITA"]
[Date "2011.12.27"]
[Round "2"]
[White "Maffeo, Mauro"]
[Black "Recanatini, Italo"]
[WhiteElo "1735"]
[BlackElo "1918"]
[Result "1-0"]
[PlyCount "65"]
[EventDate "2011.12.27"]

1. d4 d5 2. Nf3 c6 3. e3 Bg4 4. Bd3 e6 5. O-O Nf6 6. Nbd2 Bd6 7. Qe1 Bxf3 8.
Nxf3 Qc7 9. b3 Nbd7 10. Bb2 e5 11. dxe5 Nxe5 12. Nxe5 Bxe5 13. Bxe5 Qxe5 14.
Qb4 Qe7 15. Qf4 O-O 16. Rae1 Rfe8 17. a4 Ne4 18. Bxe4 Qxe4 19. Qxe4 Rxe4 20.
Rd1 Rae8 21. Rd3 f5 22. g3 Kf7 23. Rfd1 g5 24. c4 dxc4 25. bxc4 Rxc4 26. Rd7+
Re7 27. Rd8 Rce4 28. Rh8 Kg7 29. Rdd8 R4e6 30. Rdf8 Rf6 31. Rhg8+ Kh6 32. Rxf6+
Kh5 33. Rxf5 1-0

[Event "C.to Regionale Lombardia Seniores"]
[Site "Robecchetto con Induno ITA"]
[Date "2011.12.27"]
[Round "2"]
[White "Marchesotti, Giovanni"]
[Black "Ferri, Antonio"]
[WhiteElo "1597"]
[BlackElo "1449"]
[Result "1/2-1/2"]
[PlyCount "43"]
[EventDate "2011.12.27"]

1. b3 e5 2. Bb2 d6 3. e3 Nc6 4. c4 Nf6 5. Nf3 Be7 6. Be2 O-O 7. O-O Bd7 8. d4
e4 9. Ne1 a5 10. Nc3 Nb4 11. a3 Na6 12. Nc2 c6 13. f4 Nc7 14. d5 cxd5 15. cxd5
b5 16. b4 a4 17. Qd2 Rb8 18. Rfd1 h5 19. Qe1 Qc8 20. Rac1 Qb7 21. Qd2 Rfe8 22.
Ne1 1/2-1/2

[Event "C.to Regionale Lombardia Seniores"]
[Site "Robecchetto con Induno ITA"]
[Date "2011.12.27"]
[Round "2"]
[White "Mason, Giovanni"]
[Black "Puricelli, Giancarlo"]
[WhiteElo "1711"]
[BlackElo "1586"]
[Result "0-1"]
[PlyCount "98"]
[EventDate "2011.12.27"]

1. e4 e5 2. Nf3 d6 3. d4 Bg4 4. c3 Nf6 5. Bg5 h6 6. Bxf6 Qxf6 7. Be2 Nd7 8. Qa4
Bxf3 9. Bxf3 Qd8 10. Nd2 c6 11. O-O Be7 12. Rad1 O-O 13. g3 b5 14. Qc2 Bf6 15.
dxe5 Nxe5 16. Bg2 Qc7 17. b3 Rad8 18. Rfe1 Qb6 19. Nf1 Qa5 20. Ne3 g6 21. f4
Nd7 22. b4 Qc7 23. Rd3 Nb6 24. Red1 c5 25. Ng4 Bg7 26. bxc5 Qxc5+ 27. Kh1 h5
28. Ne3 Nc4 29. Nd5 Rfe8 30. Qc1 Qf2 31. Rf1 Qxa2 32. Nc7 Rf8 33. f5 Qe2 34.
Qd1 Qxd1 35. Rdxd1 Ne3 36. Ra1 Nxf1 37. Bxf1 Bxc3 38. Rxa7 b4 39. Bc4 Kh8 40.
fxg6 fxg6 41. Ne6 Rde8 42. Nxf8 Rxf8 43. Kg2 Rb8 44. Bb3 Rf8 45. Be6 Rf2+ 46.
Kh3 Rd2 47. Rb7 Bf6 48. Bf7 Kg7 49. Bd5+ Kh6 0-1

[Event "C.to Regionale Lombardia Seniores"]
[Site "Robecchetto con Induno ITA"]
[Date "2011.12.27"]
[Round "2"]
[White "Tamassia, Gabriele"]
[Black "Brioschi, Camillo"]
[WhiteElo "1733"]
[BlackElo "1816"]
[Result "1/2-1/2"]
[PlyCount "69"]
[EventDate "2011.12.27"]

1. c4 Nf6 2. Nc3 e6 3. g3 d5 4. cxd5 exd5 5. d4 c6 6. Bg2 Bf5 7. Nf3 Bd6 8. O-O
O-O 9. Bg5 h6 10. Bxf6 Qxf6 11. Qb3 Qe7 12. Rac1 Na6 13. e3 Rab8 14. a3 Nc7 15.
Na4 Ne6 16. Nc3 Rfe8 17. Nh4 Bh7 18. Nf3 Ng5 19. Nxg5 Qxg5 20. Na4 Be4 21. Nc5
Bxg2 22. Kxg2 Re7 23. Qd3 Rbe8 24. b4 a6 25. Rb1 f5 26. h4 Qg4 27. Qd1 Qxd1 28.
Rbxd1 g5 29. hxg5 hxg5 30. Rd3 f4 31. exf4 gxf4 32. Rf3 fxg3 33. fxg3 Re2+ 34.
R1f2 R2e3 35. Nxb7 1/2-1/2

[Event "C.to Regionale Lombardia Seniores"]
[Site "Robecchetto con Induno ITA"]
[Date "2011.12.28"]
[Round "3"]
[White "Brioschi, Camillo"]
[Black "Maffeo, Mauro"]
[WhiteElo "1816"]
[BlackElo "1735"]
[Result "1/2-1/2"]
[PlyCount "54"]
[EventDate "2011.12.27"]

1. d4 e6 2. c4 d5 3. Nc3 c6 4. e4 dxe4 5. Nxe4 Bb4+ 6. Nc3 Ne7 7. Nf3 Nf5 8.
Be2 O-O 9. Bg5 Be7 10. Bxe7 Qxe7 11. Qc2 Na6 12. a3 Rd8 13. Rd1 Nc7 14. O-O b6
15. Bd3 g6 16. Be4 Bb7 17. Bxf5 exf5 18. Rfe1 Qf8 19. Qa4 a6 20. Qb3 b5 21. Na4
Rab8 22. Nb6 bxc4 23. Qxc4 Nd5 24. Nxd5 cxd5 25. Qc5 Rd6 26. Qc7 Rc6 27. Qd7
Rd6 1/2-1/2

[Event "C.to Regionale Lombardia Seniores"]
[Site "Robecchetto con Induno ITA"]
[Date "2011.12.28"]
[Round "3"]
[White "Macchiettini, Pierangelo"]
[Black "Puricelli, Giancarlo"]
[WhiteElo "1756"]
[BlackElo "1586"]
[Result "0-1"]
[PlyCount "68"]
[EventDate "2011.12.27"]

1. d4 Nf6 2. c4 g6 3. Nc3 Bg7 4. e4 d6 5. Nf3 O-O 6. Be2 Nbd7 7. O-O c6 8. Qc2
e5 9. dxe5 Nxe5 10. Nxe5 dxe5 11. Bg5 h6 12. Rfd1 Qe7 13. Be3 Ng4 14. Bc1 Be6
15. h3 Nf6 16. Be3 Nh7 17. Qc1 Ng5 18. Bxg5 hxg5 19. Qc2 Bh6 20. b3 Kg7 21. Bf3
g4 22. Bxg4 Bxg4 23. hxg4 Qh4 24. Rd3 Qxg4 25. Qd1 Qe6 26. Qf3 Bg5 27. Rad1
Rad8 28. Rxd8 Bxd8 29. Na4 Qe7 30. Qe3 b6 31. Qd3 Rh8 32. Qd6 Qg5 33. g3 Qh5
34. Kf1 Qf3 0-1

[Event "C.to Regionale Lombardia Seniores"]
[Site "Robecchetto con Induno ITA"]
[Date "2011.12.28"]
[Round "3"]
[White "Mason, Giovanni"]
[Black "Madaschi, Sergio"]
[WhiteElo "1711"]
[BlackElo "1612"]
[Result "0-1"]
[PlyCount "21"]
[EventDate "2011.12.27"]

1. e4 c5 2. Nf3 d6 3. c3 Nc6 4. Bc4 Nf6 5. d3 e6 6. O-O Be7 7. a4 O-O 8. Bb3
Qc7 9. Re1 Bd7 10. d4 cxd4 11. cxd4 0-1

[Event "C.to Regionale Lombardia Seniores"]
[Site "Robecchetto con Induno ITA"]
[Date "2011.12.29"]
[Round "3"]
[White "Ossoli, Giuseppe"]
[Black "Tamassia, Gabriele"]
[WhiteElo "1452"]
[BlackElo "1733"]
[Result "1-0"]
[PlyCount "147"]
[EventDate "2011.12.27"]

1. e4 e6 2. Nf3 d5 3. d3 dxe4 4. Ng5 exd3 5. Bxd3 Nf6 6. Nc3 Be7 7. Bd2 h6 8.
Nf3 Nbd7 9. a3 a6 10. b4 c6 11. O-O Nb6 12. h3 Nbd5 13. Nxd5 Nxd5 14. Qe1 Bf6
15. Rb1 O-O 16. Qe4 g6 17. Ne5 Bxe5 18. Qxe5 Qf6 19. Qxf6 Nxf6 20. Bxh6 Rd8 21.
f4 b5 22. Bg5 Kg7 23. Rbd1 Bb7 24. Rf2 Rd5 25. Rfd2 Rad8 26. Kf2 Ne4+ 27. Kg1
Nxg5 28. fxg5 R8d7 29. h4 Rd4 30. g3 e5 31. Re1 Re7 32. Rde2 f6 33. gxf6+ Kxf6
34. Rf1+ Kg7 35. Ref2 e4 36. Re1 Bc8 37. Rf4 Bd7 38. Rfxe4 Rdxe4 39. Rxe4 Rf7
40. Rf4 Re7 41. Kf2 Re6 42. Rd4 Rf6+ 43. Kg1 Rf7 44. Rf4 Re7 45. Kf2 Re6 46. g4
Bc8 47. g5 Rd6 48. Re4 Bf5 49. Re3 Be6 50. Kg3 Bf5 51. Kf4 Rd4+ 52. Kg3 Rg4+
53. Kf2 Rxh4 54. Bxf5 gxf5 55. Rc3 Rc4 56. Rxc4 bxc4 57. Kf3 c3 58. Kf4 Kg6 59.
a4 Kf7 60. Kxf5 Kg7 61. g6 Kg8 62. Kf6 Kf8 63. Ke6 Kg7 64. Kd6 Kxg6 65. Kxc6
Kf5 66. Kc5 Ke4 67. Kc4 Ke5 68. Kxc3 Kd5 69. Kb3 Kc6 70. c4 Kb6 71. Kc3 a5 72.
c5+ Kc6 73. Kc4 axb4 74. Kxb4 1-0

[Event "C.to Regionale Lombardia Seniores"]
[Site "Robecchetto con Induno ITA"]
[Date "2011.12.28"]
[Round "3"]
[White "Pagnoncelli, Gianpietro"]
[Black "Cillo, Angelo"]
[WhiteElo "1523"]
[BlackElo "1790"]
[Result "0-1"]
[PlyCount "93"]
[EventDate "2011.12.27"]

1. e4 c5 2. Nf3 d6 3. Bb5+ Bd7 4. Bxd7+ Qxd7 5. Nc3 Nf6 6. d3 Nc6 7. h3 g6 8.
Bd2 Bg7 9. O-O h5 10. Re1 e5 11. a3 O-O 12. Rb1 a5 13. Na4 Ra6 14. Nc3 Nd4 15.
Nxd4 cxd4 16. Ne2 Qa4 17. c3 Qxd1 18. Rexd1 dxc3 19. Nxc3 Rc8 20. Rdc1 Rac6 21.
Ne2 Rxc1+ 22. Rxc1 Rxc1+ 23. Bxc1 Nd7 24. Nc3 Nc5 25. Nb5 Bf8 26. d4 exd4 27.
Nxd4 Nxe4 28. Be3 Bg7 29. Kf1 Nd2+ 30. Ke2 Nc4 31. b4 axb4 32. axb4 Nxe3 33.
Kxe3 Bxd4+ 34. Kxd4 Kf8 35. Kd5 Ke7 36. b5 g5 37. g3 Kd7 38. h4 gxh4 39. gxh4
f6 40. f3 f5 41. f4 b6 42. Kd4 Ke6 43. Kc4 d5+ 44. Kd3 Ke7 45. Kd4 Kd6 46. Kc3
Kc5 47. Kd3 0-1

[Event "C.to Regionale Lombardia Seniores"]
[Site "Robecchetto con Induno ITA"]
[Date "2011.12.28"]
[Round "3"]
[White "Recanatini, Italo"]
[Black "Marchesotti, Giovanni"]
[WhiteElo "1918"]
[BlackElo "1597"]
[Result "1-0"]
[PlyCount "75"]
[EventDate "2011.12.27"]

1. e4 c5 2. Nf3 e6 3. c3 Nf6 4. e5 Nd5 5. d4 cxd4 6. cxd4 Bb4+ 7. Bd2 Bxd2+ 8.
Qxd2 O-O 9. Bc4 Nb6 10. Bb3 d5 11. O-O Bd7 12. Nc3 Nc6 13. Rac1 Ne7 14. Bc2 Ng6
15. b3 Nc8 16. Rfe1 f5 17. exf6 Rxf6 18. Bxg6 Rxg6 19. Ne5 Rf6 20. Re3 Nd6 21.
Rce1 Nf5 22. Nxd7 Qxd7 23. Re5 Raf8 24. Nd1 Qf7 25. Rf1 Rc8 26. Ne3 Nxe3 27.
Rxe3 Rc6 28. Rc3 Rxc3 29. Qxc3 Qd7 30. Rc1 Rf8 31. g3 Qf7 32. Qe3 Qd7 33. Re1
Qf7 34. Qxe6 Qxe6 35. Rxe6 Rc8 36. Rd6 Rc2 37. Rxd5 Rxa2 38. Rd8+ 1-0

[Event "C.to Regionale Lombardia Seniores"]
[Site "Robecchetto con Induno ITA"]
[Date "2011.12.28"]
[Round "3"]
[White "Sala, Gianni"]
[Black "Buzio, Alberto"]
[WhiteElo "1735"]
[BlackElo "1855"]
[Result "1-0"]
[PlyCount "131"]
[EventDate "2011.12.27"]

1. e4 c5 2. Nf3 a6 3. d4 cxd4 4. Nxd4 Nf6 5. Bd3 e5 6. Nf3 d5 7. Qe2 d4 8. O-O
Nc6 9. c3 Bg4 10. Rd1 Qc7 11. Nbd2 dxc3 12. bxc3 Be7 13. Nf1 O-O 14. Ne3 Be6
15. Ng5 Qc8 16. Nxe6 Qxe6 17. Nf5 Rad8 18. Nxe7+ Nxe7 19. Ba3 Rfe8 20. h3 Qc6
21. Rac1 Ng6 22. g3 Rd7 23. Bb1 Red8 24. Rxd7 Rxd7 25. Bb2 h6 26. c4 Qc5 27.
Kg2 Ne7 28. Rd1 Rxd1 29. Qxd1 Nc6 30. Bd3 Nd4 31. Bc1 Qa5 32. Qd2 Qc5 33. Qd1
Qc6 34. f3 b5 35. cxb5 axb5 36. Be3 b4 37. Qc1 Qa4 38. Bc4 Qd7 39. Bf2 Qd6 40.
Be1 Ne6 41. Bxe6 Qxe6 42. Qb2 Qc4 43. Bxb4 Kh7 44. a3 Qa6 45. Qd2 Qc4 46. h4
Qa6 47. Kf2 Qb5 48. Qe2 Qa4 49. g4 Qb3 50. Qe3 Qc2+ 51. Bd2 g6 52. Qc3 Qd1 53.
Qe3 Ng8 54. g5 Qh1 55. gxh6 Qxh4+ 56. Ke2 Qh2+ 57. Kd3 Qh1 58. Kc2 Qf1 59. Qb3
Nxh6 60. a4 Qa6 61. a5 Qc6+ 62. Bc3 Kg7 63. Kd3 Qa6+ 64. Qc4 Qf6 65. Bxe5 Qxe5
66. Qd4 1-0

[Event "C.to Regionale Lombardia Seniores"]
[Site "Robecchetto con Induno ITA"]
[Date "2011.12.28"]
[Round "3"]
[White "Torretta, Gilberto"]
[Black "Ferri, Antonio"]
[WhiteElo "1668"]
[BlackElo "1449"]
[Result "0-1"]
[PlyCount "57"]
[EventDate "2011.12.27"]

1. e4 d6 2. d4 Nf6 3. Nc3 g6 4. f3 Bg7 5. Be3 c6 6. Bd3 Nbd7 7. Nge2 e5 8. Qd2
O-O 9. g4 b5 10. Ng3 Nb6 11. b3 a5 12. dxe5 dxe5 13. g5 Nfd7 14. h4 a4 15. h5
Re8 16. hxg6 fxg6 17. Qh2 Nf8 18. Rd1 Qc7 19. Nce2 Nbd7 20. f4 exf4 21. Bxf4
Be5 22. Bxe5 Nxe5 23. Nd4 c5 24. Nxb5 Qa5+ 25. Ke2 Bg4+ 26. Ke3 Bxd1 27. Bc4+
Kh8 28. Qg1 Bxc2 29. Qf2 0-1

[Event "C.to Regionale Lombardia Seniores"]
[Site "Robecchetto con Induno ITA"]
[Date "2011.12.29"]
[Round "4"]
[White "Buzio, Alberto"]
[Black "Ossoli, Giuseppe"]
[WhiteElo "1855"]
[BlackElo "1452"]
[Result "0-1"]
[PlyCount "59"]
[EventDate "2011.12.27"]

1. e4 e6 2. d4 d5 3. e5 c5 4. c3 Bd7 5. Nf3 Qb6 6. Bd3 Bb5 7. O-O Bxd3 8. Qxd3
Nc6 9. a3 c4 10. Qe2 Na5 11. Nbd2 Ne7 12. h3 Nb3 13. Nxb3 Qxb3 14. Bf4 Nc6 15.
Bg5 h6 16. Bh4 g5 17. Bg3 Be7 18. Nh2 O-O-O 19. Ng4 Rdg8 20. Nf6 Bxf6 21. exf6
Rg6 22. Be5 h5 23. a4 Qb6 24. Qc2 Na5 25. Qe2 h4 26. Bh2 Kd7 27. Rab1 Nb3 28.
Kh1 a6 29. Rfd1 Rhg8 30. Qh5 0-1

[Event "C.to Regionale Lombardia Seniores"]
[Site "Robecchetto con Induno ITA"]
[Date "2011.12.29"]
[Round "4"]
[White "Di Chiara, Emanuele"]
[Black "Pagnoncelli, Gianpietro"]
[WhiteElo "1584"]
[BlackElo "1523"]
[Result "1-0"]
[PlyCount "117"]
[EventDate "2011.12.27"]

1. Nf3 Nc6 2. c4 b6 3. d4 d6 4. Nc3 Nf6 5. e4 e6 6. Bd3 Be7 7. O-O O-O 8. a3 a6
9. h3 Bb7 10. b4 Re8 11. Bb2 h6 12. Qc2 Na7 13. a4 c6 14. Rfd1 Qc7 15. Re1 Rad8
16. e5 Nd7 17. Ne4 dxe5 18. dxe5 Bxb4 19. Red1 Nc5 20. Nd6 Re7 21. Bc3 Bxc3 22.
Qxc3 Nxd3 23. Rxd3 Red7 24. Rad1 Nc8 25. Qa3 c5 26. Nxb7 Qxb7 27. Qb3 Rxd3 28.
Rxd3 Rxd3 29. Qxd3 Qc7 30. g3 Ne7 31. g4 Nc6 32. Qe4 Qd7 33. Kg2 a5 34. g5 hxg5
35. Nxg5 g6 36. Qh4 Kf8 37. Qh8+ Ke7 38. Nh7 Qd8 39. Qf6+ Ke8 40. Qf4 Qe7 41.
Qe4 Kd7 42. Nf6+ Kc7 43. Qe3 Nb8 44. Qg5 Kb7 45. Qd2 Kc7 46. Ne4 Nd7 47. f4 f6
48. Qc3 fxe5 49. fxe5 Qg7 50. Nf6 Kd8 51. Qd3 Kc8 52. Qd6 Nxf6 53. Qxe6+ Nd7
54. Qc6+ Kb8 55. Qd6+ Kb7 56. e6 Nf6 57. e7 Qf7 58. Qxf6 Qe8 59. Qf8 1-0

[Event "C.to Regionale Lombardia Seniores"]
[Site "Robecchetto con Induno ITA"]
[Date "2011.12.29"]
[Round "4"]
[White "Ferri, Antonio"]
[Black "Cillo, Angelo"]
[WhiteElo "1449"]
[BlackElo "1790"]
[Result "0-1"]
[PlyCount "28"]
[EventDate "2011.12.27"]

1. d4 d5 2. c4 e6 3. Nc3 Nf6 4. Bg5 Nbd7 5. a3 Be7 6. Nf3 O-O 7. e3 Re8 8. Bd3
c6 9. O-O dxc4 10. Bxc4 Nd5 11. Bxe7 Qxe7 12. Bd3 Nxc3 13. bxc3 e5 14. Qc2 e4
0-1